| 000 | 01413nam a2200241Ia 4500 | ||
|---|---|---|---|
| 003 | Ost | ||
| 005 | 20260507075238.0 | ||
| 008 | 260507s9999||||xx |||||||||||||| ||und|| | ||
| 020 | _a40217499579 | ||
| 040 | _cfsecg | ||
| 041 | _aara | ||
| 082 | _a330 | ||
| 100 |
_aالطراونة، يونس سالم عبد الغني _eمؤلف |
||
| 245 | 0 |
_aالتحليل الاحصائي : _bللتباين الاقليمي في مستويات البطالة و معدلاتها في الأردن / _c يونس سالم عبد الغني الطراونة |
|
| 260 |
_aعمان: _bدار كنوز المعرفة, _c2009 |
||
| 300 |
_a304 صفحة؛ _bإيضاحات ؛ _c24 سم |
||
| 504 | _aمراجع ص.255 ؛ ملاحق ص.261 ؛ اشكال ص.12 ؛خرائط ص.13 ؛ جداول ص.14 | ||
| 520 | _aلمحة عن ظاهرة البطالة و دراستها ، تحديد أثر مجموعات مختلفة من المتغيرات الخاصة بالمتعطلين عن العمل ، كالمتغيرات الديموغرافية و الاقتصادية و الاجتماعية على تباين مستويات البطالة و معدلاتهاعلى المستوى المحلي ( المحافظات ) و الاقليمي على مستوى الأردن . | ||
| 653 | _aالاحصاء الوصفي | ||
| 653 | _aالبطالة- الاردن | ||
| 653 | _aالتحليل الاحصائي | ||
| 942 | _cكتاب | ||
| 999 |
_c43602 _d43602 |
||